000 00570nam a22001697a 4500
003 OSt
005 20260303155811.0
008 260303b |||||||| |||| 00| 0 eng d
040 _cMRSPTU
041 _aEnglish
100 _aManinder Singh, Supervisor: Dr. Manjeet Bansal
245 _aCost Analysis of a RCC Building in Different Seismic Zones with Various Shear Wall Arrangements
260 _bDepartment of Civil Engg. MRSPTU, Bathinda
_c2018
650 _aCivil Engineering
856 _uhttp://163.47.215.52:8080/jspui/handle/123456789/186
942 _2ddc
_cTH
_n0
999 _c11049
_d11049